|
|
|
|
| LEADER |
00905cam a2200241 7i4500 |
| 001 |
0000036286 |
| 005 |
20170218090000.0 |
| 008 |
110309 eng |
| 020 |
|
|
|a 9780470825075 (pbk.)
|
| 040 |
|
|
|a DLC
|
| 090 |
0 |
0 |
|a HC427
|b .C43 2010
|
| 100 |
1 |
|
|a Chance, Giles
|
| 245 |
1 |
0 |
|a China and the credit crisis :
|b the emergence of a new world order
|c Giles Chance.
|
| 260 |
|
|
|a Singapore:
|b John Wiley & Sons (Asia),
|c 2010.
|
| 300 |
|
|
|a xvi, 224 p.;
|c 23 cm.
|
| 504 |
|
|
|a Includes bibliographical references and index
|
| 650 |
0 |
0 |
|a Global financial crisis, 2008-2009
|
| 650 |
0 |
0 |
|a Investments, Chinese --
|z Developing countries
|
| 651 |
|
0 |
|a China --
|x Economic policy --
|y 2000-
|
| 651 |
|
0 |
|a China --
|x Economic conditions --
|y 2000-
|
| 997 |
|
|
|a Business & Accountancy, Faculty
|
| 998 |
|
|
|a Business Management, Degree
|
| 999 |
|
|
|a 0000048383
|b BOK
|c OPEN SHELF
|e 1st Floor, Shah Alam
|